| 000 | 02497cam a22002175a 4500 | ||
|---|---|---|---|
| 001 | L137406 | ||
| 008 | 070404s2007 xxko f 000 0 eng d | ||
| 035 | _a(Sirsi) u137406 | ||
| 041 | 0 | _aeng | |
| 050 | 0 | 4 | _a333.00711 $2 18 |
| 110 | 2 |
_aRoyal Institution of Chartered Surveyors _bEducation Trust _947 |
|
| 245 | 0 | 0 |
_aAnnual review of the RICS educational trust 2006 _h[electronic resource] |
| 260 |
_aLondon _bRICS _c2007 |
||
| 300 |
_a[24p.] _bill. _c21cm. |
||
| 505 | 2 | _aDelivering sustainability: improving energy efficiency in the Central Business District: exploring range of land uses in urban centres -- Improved determination of atmospheric Global Positioning System refraction models for environmental monitoring in the Canadian Arctic -- An exploration of the possibilities to develop mass appraisal methods -- Using GIS to develop and maintain a spatial data base, meeting the needs for public health decision makers in the Eastern Province of Cameroon -- The effects of land reform and tenure security on investments by private firms: the case of Zimbabwe, South Africa and Singapore -- A methodology for the whole life costing of sustainable design -- Inspiring Sri-Lankan reNewal and Development (ISLAND) -- An exploration of the ways in which investment decision-makers view comparative property choices -- An assessment of new techniques for rapid mapping in the coastal zone -- An investigation and analysis of deviations of house prices from fundamental values in terms of rational or irrational behaviour of investment -- Changes in agricultural land tenure in England and Wales -- Surveying local planning authorities to find out how they are implementing Section 106 in the context of changing national planning policy -- Are international real estate markets integrated? Evidence from chaotic dynamics -- This was the first annual collaborative award with the Real Estate Research Institute (RERI) -- Delivering affordable housing -? Links between the professions and how they can work better together | |
| 520 | _aPresents summaries of the 14 research projects which received funding totalling £69 032 from the Trust in 2006. Also details publications published as a result of this research and lists the individual trustees. | ||
| 651 | 4 |
_aEngland and Wales _y1543- |
|
| 690 | _aCAREERS, EDUCATION AND TRAINING | ||
| 856 | 4 | 8 |
_uhttps://www.rics.org/Global/Downloads/2006_Education_Trust_Annual_Review.pdf _zView the item free of charge at www.rics.org... |
| 942 | _n0 | ||
| 999 |
_c106771 _d106771 |
||